00485nmm a2200145Ia 4500008004100000020001800041041000800059100001900067245006900086264005600155300001800211490003200229650002700261856005100288251105s9999||||xx |||||||||||||||||und|| a9788416982530 aspa aNolte, Manfred 0aLa década perdida: Escritos de un tiempo de crisis (2008-2018) a[Madrid, España] :bUniversidad de Deusto, c2018 a630 páginas aAmarillo - Serie Economía aEconomics and Business uhttps://public.digitaliapublishing.com/a/59348